000 01202nam a2200349 a 4500
001 000034821
003 DO-SdBNP
005 20241017094614.0
007 000034821
008 111020s1986 sp 000 0 spa d
020 _a8476348630 (obra completa)
040 _aBPMSU
_bspa
_cBPMSU
049 _a
082 4 _a843.8
_bV531J 1986
_222
092 _a
_b
100 1 _a Verne, Julio,
_d1828-1905.
245 1 0 _aJulio Verne :
_bVeinte mil leguas de viaje submarino /
_cJules Verne ; traductor Sáenz de Juvera ; ilustración Riou y Neuville
260 _aMadrid :
_bEdiciones Orbis,
_c1986
300 _a v. ;
_c22 cm.
490 0 _aClásicos de la juventud,
_v17/18
500 _a
505 _av. 1: Primera parte del Atlántico al pacífico -- v. 2: Segunda parte del Pacífico al Atlántico.
534 _pTítulo original :
_tVing mille lieues sous les mers
590 _aInventariado, 2024/VM
650 4 _aNovela juvenil francesa
_2
650 4 _aLiteratura juvenil francesa
700 1 _aJuvera, Sáenz de,
_e traductor
700 1 _aRiou,
_eilustración
700 1 _aNeuville
_eilustraciones
910 _aVMateo V. Control de calidad BPMSU
942 _2ddc
_cBK
999 _c14831
_d14831